| 000 | 00775nam a2200265 a 4500 | ||
|---|---|---|---|
| 001 | 000027197 | ||
| 003 | DO-SdBNP | ||
| 005 | 20180305110313.0 | ||
| 007 | 000027197 | ||
| 008 | 110330s2000 dr a 000 0 spa d | ||
| 040 |
_aBPMET _bSPA _cBPMET |
||
| 049 | _aBNPD | ||
| 092 |
_axx _bA992m |
||
| 100 | 1 | _aAzcona Aybar, David, | |
| 245 | 1 | 0 |
_aMemorias de un estudiante cibaeño / _cDavid R. Azcona Aybar |
| 250 | _a2a. ed. | ||
| 260 |
_aSanto Domingo : _bJosé Luis, _c2004 |
||
| 300 |
_a228 p. ; _c21 cm. |
||
| 930 | 1 |
_lBND01 _mLF1 _820110330 _f01 _pOI _g18837 |
|
| 942 |
_2ddc _cBK |
||
| 945 | _ainventariada, 2018 / dg | ||
| 956 |
_aIGARCIA _b10 _c20110330 _lBND01 _h1019 |
||
| 956 |
_aJPOLANCO _b10 _c20110331 _lBND01 _h1207 |
||
| 956 |
_aVMATEO _b10 _c20150907 _lBPMSU _h00151 |
||
| 999 |
_c7457 _d7457 |
||